=LDR 00000nam 2200000 4500 =001 INLIS000000000005098 =005 20130612093344 =008 ***********************************Ind** =035 ##$$0010-061300000005098 =041 ##$$a Ind =082 ##$$a 632.651 =090 ##$$a 632.651, Dro p =100 ##$$a DROPHIN, Victor H. =245 ##$$a Pengantar hematologi tumbuhan, Victor H. Drophin =260 ##$$a 1992 $b Yogyakarta =300 ##$$a 366 hlm, ilus, 21 cm =650 ##$$a Hama Tanaman =850 ##$$a NBPNMAT